000 01410nam a2200409 i 4500
001 52155
003 KOSZ 005
005 20190829135816.0
008 061010s2004 pl f |000 0 pol d
020 _a837204385X
040 _cKOSZ 005
_aKOSZ 005
_dKOSZ 005/HR
041 0 _apol
046 _k2004
080 _a62-1/-8
080 _a167/168
080 _a001.891
100 1 _aLeszek, Wiesław
_d(1937- )
_eAutor
245 1 0 _aMetodologia generowania i realizacji programów badawczych w nauce o eksploatacji obiektów technicznych /
_cWiesław Leszek, Bolesław Wojciechowicz, Wiesław Zwierzycki.
260 _aRadom :
_bWydawnictwo Instytutu Technologii Eksploatacji,
_c2004.
300 _a168 s. ;
_c24 cm.
380 _aKsiążki
388 _a2001-
490 1 _aBiblioteka Problemów Eksploatacji
504 _aBibliogr.
650 4 _aMetodologia
650 9 _aEksperymenty
658 _aInżynieria i technika
650 9 _aMaszyny
650 9 _aObsługa i eksploatacja
650 9 _aTechnika
650 9 _aUrządzenia
700 1 _aWojciechowicz, Bolesław
_d(1927-2010)
_eAutor
700 1 _aZwierzycki, Wiesław
_eAutor
856 _uhttp://koha.tu.koszalin.pl/cgi-bin/koha/opac-detail.pl?biblionumber=52155
_yKatalog online BPK
830 _aBiblioteka Problemów Eksploatacji
942 _cKS
_2UKD
999 _c52155
_d52155